| 000 | 00589nam a2200181 4500 | ||
|---|---|---|---|
| 001 | 6321 | ||
| 005 | 20250523143211.0 | ||
| 008 | 250523b |||||||| |||| 00| 0 eng d | ||
| 020 | _a9780520242418 | ||
| 100 | 1 | _aNordstrom,Carolyn, | |
| 245 | 1 | 4 |
_aShadows of war: _cNordstrom,Carolyn _bviolence,power and international profiteering in the twenty-first century. |
| 264 |
_aLondon : _bUniversity of california Press, _c1997. |
||
| 300 |
_a293 pages ; _c20 cm |
||
| 336 |
_atext _btxt _2rdacontent |
||
| 337 |
_aunmediated _bn _2rdamedia |
||
| 338 |
_avolume _bnc _2rdacarrier |
||
| 942 |
_2ddc _cMAIN |
||
| 999 |
_c10255 _d10256 |
||